Diseño de una caldera acuotubular
Kaydedildi:
| Yazar: | |
|---|---|
| Diğer Yazarlar: | , , , , , , , , |
| Materyal Türü: | Kitap |
| Baskı/Yayın Bilgisi: |
[San José , Costa Rica]
1988
|
| Etiketler: |
Etiketle
Etiket eklenmemiş, İlk siz ekleyin!
|
MARC
| LEADER | 00000nam a2200000Ia 4500 | ||
|---|---|---|---|
| 003 | 005245 | ||
| 005 | 20231206095531.0 | ||
| 008 | 140114s1988 cr a m 000 ||s d | ||
| 040 | |c cru CEDI | ||
| 090 | |a TFG 2497 | ||
| 100 | |a Aguilera Barrantes, José Mario, 1965- |9 1966 | ||
| 245 | |a Diseño de una caldera acuotubular | ||
| 260 | |a [San José , Costa Rica] |c 1988 | ||
| 300 | |a 186 hojas algunas plegables :ilustraciones a color | ||
| 500 | |a Proyecto Mecánico IM-410.--Universidad de Costa Rica. Facultad de Ingeniería Mecánica. Escuela de Ingeniería Mecánica | ||
| 501 | |a Profesor Guía: Juan José Gutiérrez | ||
| 700 | |a Gómez Abarca, Enrique, 1963- |9 1967 | ||
| 700 | |a Gómez Bermúdez, Mauricio, 1965- |9 1969 | ||
| 700 | |a Lang Alvarado, Ricardo, 1961- |9 1970 | ||
| 700 | |a Méndez Arias, José Alfredo, 1963- |9 1972 | ||
| 700 | |a Miño Segura, Mario, 1964- |9 1974 | ||
| 700 | |a Miranda Vásquez, Randall, 1964- |9 1975 | ||
| 700 | |a Salazar Cambronero, Javier, 1961- |9 1976 | ||
| 700 | |a Scaglioni Solano, Pietro, 1965- |9 1978 | ||
| 700 | |a Spoerl Hernández, Lothar, 1966- |9 1979 | ||
| 942 | |c TFG |h TFG 2497 |i 005245 |6 TFG_2497_005245000000000 | ||
| 999 | |c 20227 |d 20227 | ||
